000 00997cam a2200361 4500
008 090401t1989 xxu||||| |||| 00| 0 eng d
020 _a0333491610
035 _a(Sirsi) u62583
041 _aeng
050 _a692.50285
100 _aSmith, A.J.
245 _aComputers and quantity surveyors
260 _aBasingstoke
_bMacMillan
_c1989
350 _a10.95
650 _aBILLS OF QUANTITIES
650 _aCAD
650 _aCLAIMS MANAGEMENT
650 _aCOST MODELLING
650 _aCOST PLANNING
650 _aEDICON
650 _aEXPERT SYSTEMS
650 _aINTEGRATED SOFTWARE PACKAGES
650 _aPHRASEOLOGY INDEPENDENT BILLING SYSTEM
650 _aPOST CONTRACT WORK
650 _aMANAGEMENT-PROJECT MANAGEMENT
650 _aBUILT ENVIRONMENT-QUANTITY SURVEYING
650 _aS CURVES
650 _aSTANDARD METHOD OF MEASUREMENT (SEVENTH EDITION)
650 _aSPREADSHEETS
650 _aTENDER PRICE INDEXING
942 _n0
948 _c04/03/1997
999 _c94447
_d94447